00712nam a2200181 a 4500003000200000005001700002008004100019050003000060100002300090245010700113260009000220300004000310504004100350650003700391650003400428650002400462650004400486020250313112940.0090728s19uu xx 00 eng d aPHS BF 637.S4b.B886 2009 aBrucal, Dominique. aEffect of age on self-fulfillment of adults residing in better living subdivision /cDominique Brucal. aLas Piñas City, Philippines :bSouthville International School and Colleges,c2009. a24 pages :billustrations ;c28 cm. aIncludes bibliographical references. aSelf-actualization (Psychology). aAgingxPsychological aspects. aAdultsxPsychology. aQuality of lifexPsychological aspects.